[Event "Chartres Orleans Cup"]
[Site "Orleans"]
[Date "2005.??.??"]
[Round "?"]
[White "Dussert, Philippe"]
[Black "Chin, David"]
[Result "0-1"]
[WhiteElo "1870"]
[BlackElo "1868"]
[PlyCount "74"]
[EventDate "2005.??.??"]
[EventType "team"]
[EventRounds "3"]
[EventCountry "FRA"]
[SourceTitle "EXT 2007"]
[Source "ChessBase"]
[SourceDate "2006.11.23"]
[SourceVersion "1"]
[SourceVersionDate "2006.11.23"]
[SourceQuality "1"]

1. e4 g6 2. d4 Bg7 3. Nc3 d6 4. Nf3 Bg4 5. Be2 Nd7 6. Be3 Bxf3 7. Bxf3 e5 8. Qd2 h6 9. 0-0-0 Ne7 10. Be2 Nc6 11. dxe5 Ndxe5 12. f4 Nd7 13. g4 Nb6 14. h4 Qd7 15. h5 0-0-0 16. Bxb6 axb6 17. Nd5 Nd4 18. c3 Ne6 19. Kb1 Rhe8 20. hxg6 fxg6 21. Qc2 Nc5 22. e5 Qf7 23. Bc4 Qf8 24. exd6 Rxd6 25. Rhe1 Kb8 26. Rxe8+ Qxe8 27. f5 gxf5 28. gxf5 Qe4 29. Qxe4 Nxe4 30. Bb3 h5 31. Bc2 Ng3 32. Rd3 Nxf5 33. Nf4 Rxd3 34. Bxd3 Ng3 35. Kc1 Bh6 36. Kd1 Bxf4 37. Ke1 Be3 0-1